| 000 | 01237nam a2200325Ia 4500 | ||
|---|---|---|---|
| 001 | ebr10660182 | ||
| 003 | CaPaEBR | ||
| 006 | m u | ||
| 007 | cr cn||||||||| | ||
| 008 | 100203s2009 nyua sb 001 0 eng d | ||
| 010 | _z 2010286334 | ||
| 020 | _z9781607410959 | ||
| 020 | _z9781606926192 | ||
| 020 | _z1606926195 | ||
| 040 |
_aCaPaEBR _cCaPaEBR |
||
| 035 | _a(OCoLC)746111991 | ||
| 050 | 1 | 4 |
_aQP572.A54 _bA543 2009eb |
| 082 | 0 | 4 |
_a572/.744 _222 |
| 245 | 0 | 0 |
_aAngiotensin converting enzyme inhibitors _h[electronic resource] / _cAnne N. DeBrue, editor. |
| 260 |
_aNew York : _bNova Biomedical Books, _cc2009. |
||
| 300 |
_axii, 238 p. : _bill. |
||
| 504 | _aIncludes bibliographical references and index. | ||
| 533 |
_aElectronic reproduction. _bPalo Alto, Calif. : _cebrary, _d2013. _nAvailable via World Wide Web. _nAccess may be limited to ebrary affiliated libraries. |
||
| 650 | 0 |
_aAngiotensin converting enzyme _xInhibitors. |
|
| 650 | 0 |
_aKidneys _xDiseases _xChemotherapy. |
|
| 655 | 7 |
_aElectronic books. _2local |
|
| 700 | 1 | _aDeBrue, Anne N. | |
| 710 | 2 | _aebrary, Inc. | |
| 856 | 4 | 0 |
_uhttp://site.ebrary.com/lib/rucke/Doc?id=10660182 _zAn electronic book accessible through the World Wide Web; click to view |
| 999 |
_c66578 _d66578 |
||